Normal view
MARC view
Entry Personal Name
001 - CONTROL NUMBER
- control field: 56017
003 - CONTROL NUMBER IDENTIFIER
- control field: dpl
005 - DATE AND TIME OF LATEST TRANSACTION
- control field: 20230906120439.0
008 - FIXED-LENGTH DATA ELEMENTS
- fixed length control field: 230906|| aca||aabn | a|a d
040 ## - CATALOGING SOURCE
- Original cataloging agency: dpl
- Transcribing agency: dpl
100 ## - HEADING--PERSONAL NAME
- Personal name: Dewal, Onkar Singh
670 ## - SOURCE DATA FOUND
- Source citation: Work cat.: (dpl)92218: Dewal, Onkar Singh, M.K.Gandhi The Educationist Par Excellence/, 2015
